[Event "Dublin-ch Final Weekender 100th"]
[Site "Dublin"]
[Date "2021.08.22"]
[Round "4"]
[White "Mihaylova, Aliona"]
[Black "Hayden, Luke"]
[Result "1/2-1/2"]
[WhiteElo "1655"]
[BlackElo "1581"]
[PlyCount "48"]
[EventDate "2021.08.20"]
[EventType "swiss"]
[EventRounds "5"]
[EventCountry "IRL"]
[SourceTitle "CBM 204 Extra"]
[Source "ChessBase"]
[SourceDate "2021.11.30"]
[SourceVersion "1"]
[SourceVersionDate "2021.11.30"]
[SourceQuality "1"]

1. d4 d5 2. Nf3 Nf6 3. c4 e6 4. Nc3 Be7 5. e3 0-0 6. Bd3 dxc4 7. Bxc4 b6 8. 0-0 Bb7 9. Qe2 c5 10. Rd1 Qc7 11. e4 cxd4 12. Nxd4 Nbd7 13. Ba6 Bxa6 14. Qxa6 Nc5 15. Qe2 Rfd8 16. e5 Nd5 17. Nxd5 Rxd5 18. Bf4 Rad8 19. Nb5 Qb7 20. Rxd5 Rxd5 21. Rd1 Qd7 22. Rxd5 Qxd5 23. Nxa7 Qxa2 24. Nc8 Qb1+ 1/2-1/2

[Event "Dublin-ch Final Weekender 100th"]
[Site "Dublin"]
[Date "2021.08.20"]
[Round "1"]
[White "Hayden, Luke"]
[Black "Cooney, Brendan"]
[Result "1-0"]
[WhiteElo "1581"]
[BlackElo "1818"]
[PlyCount "73"]
[EventDate "2021.08.20"]
[EventType "swiss"]
[EventRounds "5"]
[EventCountry "IRL"]
[SourceTitle "CBM 204 Extra"]
[Source "ChessBase"]
[SourceDate "2021.11.30"]
[SourceVersion "1"]
[SourceVersionDate "2021.11.30"]
[SourceQuality "1"]

1. d4 d5 2. c4 dxc4 3. e3 Nf6 4. Bxc4 e6 5. Nf3 c5 6. Nc3 a6 7. a4 Nc6 8. 0-0 cxd4 9. exd4 Be7 10. Re1 0-0 11. d5 exd5 12. Nxd5 Nxd5 13. Qxd5 Bf6 14. Ng5 Qxd5 15. Bxd5 Bf5 16. Ra3 Nb4 17. Rf3 Nc2 18. Rxf5 Nxe1 19. Ne4 Bd4 20. Ng5 g6 21. Rxf7 Rxf7 22. Nxf7 Nd3 23. Ne5+ Kg7 24. Nxd3 Rd8 25. Bxb7 Rd6 26. Kf1 Re6 27. Bd5 Rd6 28. Bc4 a5 29. Bd2 Bxb2 30. Bxa5 Ba3 31. Ke2 Rc6 32. Bb5 Rc2+ 33. Ke3 Bd6 34. h3 Ra2 35. Bb6 Ra3 36. Kd4 Rb3 37. Kc4 1-0